000 00242nam a2200097Ia 4500
005 20251222114412.0
008 251222s1900||||xx |||||||||||||| ||spa||
082 _aDVD0070/S79/2005
245 0 _aSolsticio de invierno:Winter solstice
942 _cDVD
999 _c2074
_d2074